Fast Typing - Food Edition - Statistics

General Stats
  • This quiz has been taken 108 times
  • The average score is 18 of 28
Answer Stats
Hint Answer % Correct
MARSHMALLOW MARSHMALLOW
95%
CHOCOLATE CHOCOLATE
88%
VANILLA VANILLA
88%
VENISON VENISON
88%
BANANA BANANA
86%
BLACKBERRIES BLACKBERRIES
86%
CUPCAKE CUPCAKE
86%
PIE PIE
86%
APPLES APPLES
84%
POTATO POTATO
84%
HAMBURGER HAMBURGER
82%
STRAWBERRY STRAWBERRY
75%
ALFREDO ALFREDO
73%
PEPPERONI PEPPERONI
73%
TACO TACO
73%
CHICKEN CHICKEN
70%
TOMATO TOMATO
70%
CHIPS CHIPS
64%
ORANGES ORANGES
57%
SALSA SALSA
54%
LEMONADE LEMONADE
43%
COLA COLA
39%
ELDERBERRY ELDERBERRY
39%
COFFEE COFFEE
32%
PIZZA PIZZA
29%
BEANS BEANS
25%
CRACKER CRACKER
25%
RASPBERRIES RASPBERRIES
18%
No matching quizzes found
Score Distribution
Percent of People with Each Score
Percentile by Number Answered
Your Score History
You have not taken this quiz